00305nam a2200133Ia 45000030006000000080041000060400015000471000030000622450030000922500011001222600009001335460012001420050017001540STCL150530s9999 xx 000 0 und d aSTCLcSTCL aHarold Underwood Faulkner aAmerican economic history aEighth c1964 aEnglish20220125165526.0